Noms de films d'horreur - Statistiques

Statistiques générales
  • Ce quiz a été pris 590 fois
  • Le résultat moyen est 21 sur 171
Statistiques - réponses
Réponse % Correct
ça
78%
Conjuring
76%
Scream
74%
Annabelle
73%
Halloween
73%
Vendredi 13
66%
Saw
65%
Massacre à la tronçonneuse
55%
L'exorciste
53%
La Nonne
47%
Les griffes de la nuit
45%
Shining
44%
Insidious
42%
Alien
39%
The Ring
36%
Evil Dead
34%
Les dents de la mer
34%
Sinister
34%
Get out
33%
Psychose
32%
The Grudge
31%
La colline a des yeux
30%
Paranormal activity
29%
Rec
29%
Carrie
28%
Destination Finale
28%
Le projet Blair Witch
28%
Smile
28%
The thing
28%
Le silence des agneaux
27%
Dracula
26%
Midsommar
26%
Us
25%
Hérédité
22%
Hostel
22%
Poltergeist
20%
X
19%
Amityville
18%
Hellraiser
18%
Souviens toi l'été dernier
18%
The Descent
18%
Détour mortel
17%
it follows
17%
The Mist
17%
La mouche
16%
Jeu d'enfant
15%
Zombie
15%
28 jours plus tard
14%
Esther
14%
La cabane dans les bois
14%
La nuit des morts vivants
14%
Les autres
14%
Les oiseaux
14%
Nosferatu
14%
Pearl
14%
The Human Centipede
14%
Candyman
13%
Grave
13%
Silent Hill
13%
La Maison de cire
12%
Mama
12%
Martyrs
12%
Misery
12%
American Psycho
11%
Mister Babadook
11%
Nope
11%
The Witch
11%
A serbian Film
9%
Cannibal Holocaust
9%
Dead Silence
8%
Jeepers Creepers
8%
La dernière maison sur la gauche
8%
Rosemary's baby
8%
Shaun of the Dead
8%
Suspiria
8%
Terifier
8%
Vermines
8%
Cloverfield
7%
Cube
7%
Don't breathe
6%
Ghostland
6%
Haute Tension
6%
Piranha
6%
Sixième sens
6%
Sleepy Hollow
6%
Eden Lake
5%
Ils
5%
Malignant
5%
Dark Water
4%
Funny Games
4%
Megan is Missing
4%
Morse
4%
Zombieland
4%
28 semaines plus tard
3%
Abigail
3%
à l'intérieur
3%
House
3%
Jusqu'en Enfer
3%
30 jours de nuit
2%
Black Swan
2%
Braindead
2%
Cabin fever
2%
Chambre 1408
2%
Good Boy
2%
Grave Encounters
2%
Hatchet
2%
Le Blob
2%
Le vaisseau de l'angoisse
2%
Maniac
2%
Mirrors
2%
Talk To me
2%
The Collector
2%
Tusk
2%
Antichrist
1%
Audition
1%
Bad Taste
1%
Climax
1%
Cocaine Bear
1%
Cold Prey
1%
Eraserhead
1%
Goodnight Mommy
1%
Guinea pig
1%
Horribilis
1%
Ichi the killer
1%
La maison des mille morts
1%
Le cas 39
1%
Les ruines
1%
Lights out
1%
Nekromantik
1%
Phenomena
1%
Planète terreur
1%
Scanners
1%
The Children
1%
The Sadness
1%
Videodrome
1%
Vivarium
1%
When Evil Lurks
1%
Apollo 13
0%
Art of the Devil
0%
Basket case
0%
Black Sheep
0%
Chromosome 3
0%
Dead Snow
0%
Feast
0%
Gueules Noires
0%
Imprint
0%
Incantations
0%
Lake Mungo
0%
Meatball Machine
0%
Men behind the sun
0%
Nouvelle cuisine
0%
Pet Sematary
0%
Phantasm
0%
Phénomènes
0%
Philosophy of a knife
0%
Pontypool
0%
Possum
0%
Salo ou les 120 Journées de Sodome
0%
Skinamarink
0%
Society
0%
Street Trash
0%
Suicide Club
0%
Thanatomorphose
0%
The ABCs of death
0%
The Dentist
0%
The Machine Girl
0%
The Poughkeepsie tapes
0%
The Stuff
0%
The Void
0%
The Woman
0%
Tokyo Gore Police
0%
Aucun quiz correspondant
Distribution des résultats
% des personnes avec chaque résultat
Percentile par nombre de réponses
Votre historique - résultats
Vous n’avez pas pris ce quiz